HP B1 C6 - Statistics

General Stats
  • This quiz has been taken 10 times
  • The average score is 51 of 112
Answer Stats
Term Answer % Correct
Alquimia Alchemy
100%
A Medida Que As
100%
Barrera Barrier
100%
Compañía Company
100%
Corrigir Correct
100%
Deprimente Depressing
100%
Amistoso Friendly
100%
Imitar Imitate
100%
Amabilidad Kindness
100%
Locomotora Locomotive
100%
Andén Platform
100%
De Veras Really
100%
Alivio Relief
100%
Rodar Roll
100%
Bufar Snort
100%
Vapor Steam
100%
Rodeado Surrounded
100%
Agradecer Thank
100%
Baúl Trunk
100%
Aspiradora Vacuum Cleaner
100%
Contable Accountant
50%
Afligido Afflicted
50%
Asentir Assent
50%
Judía Bean
50%
Ondulante Billowy
50%
A Tientas Blindly
50%
Mandón Bossy
50%
Peñasco Boulder
50%
Col Cabbage
50%
Casualidad Chance
50%
Chiquillada Childish Prank
50%
Coro Choir
50%
Cromo Chrome
50%
Carne En Conserva Corned Beef
50%
Tos Cough
50%
Risco Crag
50%
Actualmente Currently
50%
Encorvado Curved
50%
Oscurecer Darken
50%
Delegado Delegate
50%
Mareado Dizzy
50%
Rasta Dreadlock
50%
Llameante Flaming
50%
Flota Fleet
50%
Fugazmente Fleetingly
50%
Peca Freckle
50%
Gracia Funny
50%
Peludo Furry
50%
Repasar Go Over
50%
Colina Hill
50%
Mejora Improvement
50%
Hiedra Ivy
50%
Gragea Jellybean
50%
Césped Lawn
50%
Aminorar Lessen
50%
Regaliz Liquorice
50%
Varón Male
50%
Mentalmente Mentally
50%
Una Vez Once
50%
Abertura Opening
50%
Envase Package
50%
Pasadizo Passage
50%
Empanada Pasty
50%
Guijarro Pebble
50%
Perverso Perverse
50%
Jugada Play
50%
Enrojecer Redden
50%
Gentuza Riffraff
50%
Bolo Skittle
50%
Liso Smooth
50%
Estrellar Star
50%
Empinado Steep
50%
Tenebroso Tenebrous
50%
Taquilla Ticket Office
50%
Cima Top
50%
Sendero Trail
50%
Desplazamiento Trip
50%
Torreón Turret
50%
Despreocupación Unconcern
50%
A Menos Unless
50%
Revoltoso Unruly
50%
Antojo Whim
50%
Según According To
0%
A Eso De Around
0%
Asistir Attend
0%
Torvo Baleful
0%
Tupido Bushy
0%
A Coro Chorus
0%
Desprender Detach
0%
Hoyuelo Dimple
0%
Desviar Divert
0%
Pecoso Freckled
0%
Malhumorado Grouchy
0%
Indebido Improper
0%
Tejanos Jeans
0%
Procurar Look For
0%
Mordisco Nibble
0%
Desde Luego Of Course
0%
Rebosar Overflow
0%
Abrumado Overwhelmed
0%
Asomar Peep
0%
Traqueteo Rattle
0%
Listón Ribbon
0%
Agreste Rugged
0%
Retumbar Rumble
0%
En Seco Short
0%
Astillar Splinter
0%
Aturdido Stunned
0%
Atónito Thunderstruck
0%
Golosina Tidbit
0%
Callos Tripe
0%
Punzada Twinge
0%
No matching quizzes found
Score Distribution
Percent of People with Each Score
Percentile by Number Answered
Your Score History
You have not taken this quiz